Mort subite - Les chansons de Bruno Mars - Statistiques

Statistiques générales
  • Ce quiz a été pris 1 564 fois
    1 225 depuis la dernière actualisation
  • Le résultat moyen est 12 sur 17
Answers on the Grid
Answers color-coded by a green-red scale on the quiz's grid according to % correct below.
APT.
Locked out of Heaven
Bomb
That's What I Like
Finesse
When I Was Your Man
Golden Magic
Talking to the Moon
Perfect
Grenade
It Will Rain
Flowers
The Lazy Song
24K Magic
Wedding Planner
End Of The World
Uptown Funk
Moonlight
Count on Me
Just the Way You Are
Game Start
Marry You
Die With A Smile
Treasure
Fat Love
Bored Song
Runaway Baby
Raining Day
 
Statistiques - réponses
Réponse % Correct
APT.
91%
Locked out of Heaven
86%
When I Was Your Man
84%
Talking to the Moon
83%
24K Magic
81%
Uptown Funk
80%
Grenade
79%
The Lazy Song
79%
That's What I Like
75%
Die With A Smile
71%
Marry You
71%
Just the Way You Are
68%
Treasure
67%
Finesse
56%
Count on Me
47%
It Will Rain
40%
Runaway Baby
40%
Aucun quiz correspondant
Distribution des résultats
% des personnes avec chaque résultat
Percentile par nombre de réponses
Votre historique - résultats
Vous n’avez pas pris ce quiz depuis la dernière actualisation